Statistiques concernant Buteurs sénégalais en Coupe du Monde

Cliquez ici pour prendre le quiz!

Statistiques générales

  • Ce quiz a été pris 119 fois
    (70 depuis la dernière actualisation)
  • Le résultat moyen est 7 sur 12

Statistiques - réponses

Nombre de butsClubNom du joueur% Correct
1Liverpool FCSadio Mané
100%
1Watford FCIsmaïla Sarr
85%
1US SalernitanaBoulaye Dia
79%
1Olympique de MarseilleBamba Dieng
72%
1ChelseaKalidou Koulibaly
72%
1Torino FCM'Baye Niang
66%
3Grasshoppers ZurichPapa Bouba Diop
62%
2CS SedanHenri Camara
46%
1AlanayasporFamara Diédhiou
41%
1AJ AuxerreKhalilou Fadiga
36%
1KAS EupenMoussa Wagué
34%
1CS SedanSalif Diao
33%

Distribution des résultats

Percentile par nombre de réponses

% des personnes avec chaque résultat

Votre développement - résultats

Vous n’avez pas pris ce quiz depuis la dernière actualisation